000 01533nam a2200373 i 4500
001 10667
003 KOSZ 005
005 20200527141301.0
008 080929s1956 pl a f 000 0 pol
015 _aPB 1956/7293
040 _aWA N
_cKOSZ 005/RW
_dKOSZ 005/RW
_dKOSZ 005/HR
041 1 _apol
_hrus
080 _a624.01/.07:531
080 _a624.131
100 1 _aGorbunov-Posadov, M. I.
_eAutor
245 1 0 _aObliczanie konstrukcji na podłożu sprężystym /
_cM. I. Gorbunow-Posadow ; tł. Henryk Modliński, Tadeusz Fedorczuk.
246 1 _iTyt. oryg.:
_aRasčet konstrukcij na uprugom osnovanii.
260 _aWarszawa :
_bBudownictwo i Architektura,
_c1956.
300 _a505, [1] s., 25 k. tabl. luz. :
_bil., err. ;
_c25 cm +
_eNomogramy do obliczania belek długich na podłożu sprężystym wraz z przykładem objaśniającym : X, [1] s. ; 21 cm.
380 _aKsiążki.
388 _a1901-
504 _aBibliogr. s. 501-[504].
521 8 _aDla inżynierów projektantów i studentów wydziału inżynierii.
658 _aArchitektura i budownictwo
650 4 _aBelka
650 4 _aMechanika budowli
650 4 _aMechanika gruntów
650 4 _aSprężystość
700 1 _aFedorczuk, Tadeusz.
_eTłumaczenie
710 2 _aBudownictwo i Architektura
_4pbl.
700 1 _aModliński, Henryk
_eTłumaczenie
856 _uhttp://koha.tu.koszalin.pl/cgi-bin/koha/opac-detail.pl?biblionumber=10667
_yKatalog online BPK
942 _2UKD
_cKS
999 _c10667
_d10667